|
|
|
|
| LEADER |
00000nab a2200000 a 4500 |
| 001 |
vtls000804917 |
| 003 |
SK-MaSNL |
| 005 |
20260304131323.0 |
| 008 |
250429c1999 xo 0 slo |
| 015 |
|
|
|a SNBRB2002/09-28420
|
| 035 |
|
|
|a CLN000156572
|
| 035 |
|
|
|a urn:nbn:sk:snk-ab6xx4
|
| 035 |
|
|
|a (uuid)d866f0fe-5ca3-4658-955f-6cafdfaf704a
|
| 035 |
|
|
|a (urnnbn)urn:nbn:sk:snk:ar-a0671c
|
| 035 |
|
|
|a (sysno)vtls000804917
|
| 040 |
|
|
|a SNKBUCL
|b slo
|c SNKBUCL
|e AACR2
|
| 041 |
0 |
|
|a slo
|
| 044 |
|
|
|a xo
|c SK
|
| 080 |
|
|
|a 614.253.5:82-83
|2 1997
|
| 100 |
1 |
|
|a Čierny, Gustáv,
|d 1924-2012
|4 ivr
|9 172524
|
| 245 |
1 |
0 |
|a Náš rozhovor
|c G. Čierny, Melánia Beťková
|
| 300 |
|
|
|b Obr.
|
| 650 |
0 |
7 |
|a ošetrovateľstvo
|2 snkbucl
|9 2557
|
| 650 |
0 |
7 |
|a spoločnosti ošetrovateľské
|x organizácia a riadenie
|x využitie
|2 snkbucl
|9 1444300
|
| 650 |
0 |
7 |
|a akreditácia
|x organizácia a riadenie
|x využitie
|2 snkbucl
|9 1444301
|
| 650 |
0 |
7 |
|a rozhovor
|2 snkbucl
|9 23484
|
| 655 |
|
7 |
|a články z novín a časopisov
|2 snkbucl
|9 267496
|
| 700 |
1 |
|
|a Beťková, Melanie,
|d 1966-
|4 ive
|9 188812
|
| 773 |
0 |
|
|t Revue ošetrovateľstva a laboratórnych metodík
|g Roč. 5, č. 2 (1999), s. 65-66
|
| 850 |
|
|
|a Slovenská národná knižnica
|
| 852 |
|
|
|a Slovenská národná knižnica
|
| 958 |
|
|
|a article27
|
| 958 |
|
|
|a OND
|
| 958 |
|
|
|a MI
|
| 958 |
|
|
|a EUIPO
|
| 999 |
|
|
|c 2896621
|d 2898551
|